000 00452nam a2200157 i 4500
001 bg
245 0 _aFertigungstechnische Automatisierung. 18 Beiträge aus Theorie und Praxis /
_cHerausgeber : Kurt Pentzlin, Otto Kienzle.
260 _aBerlin :
_bSpringer-Verl.,
_c1969.
300 _aXI, 131 s.
504 _a[Zawiera bibliogr.].
040 _cBPK
041 _apol
080 _a62-5
942 _cKS
008 s pl f |000 0 pol
999 _c15880
_d15880
856 _uhttp://koha.tu.koszalin.pl/cgi-bin/koha/opac-detail.pl?biblionumber=15880
_yKatalog online BPK